Fr. Conceicao Rodrigues College of Engineering

Advanced Programmers Guide to Unix System V (Record no. 27426)

MARC details
000 -LEADER
fixed length control field 00317nam a2200145Ia 4500
082 ## - DEWEY DECIMAL CLASSIFICATION NUMBER
Classification number 005.13 'U'
100 ## - MAIN ENTRY--PERSONAL NAME
Personal name Thomas/R
245 ## - TITLE STATEMENT
Title Advanced Programmers Guide to Unix System V
260 ## - PUBLICATION, DISTRIBUTION, ETC.
Name of publisher, distributor, etc. Mc Graw Hill
Place of publication, distribution, etc. California
Date of publication, distribution, etc. 1987
300 ## - PHYSICAL DESCRIPTION
Extent 484
546 ## - LANGUAGE NOTE
Language note ENGLISH
654 ## - SUBJECT ADDED ENTRY--FACETED TOPICAL TERMS
Focus term unix
942 ## - ADDED ENTRY ELEMENTS (KOHA)
Koha item type BOOK
Holdings
Withdrawn status Lost status Damaged status Not for loan Collection Home library Current library Date acquired Source of acquisition Cost, normal purchase price Total Checkouts Full call number Barcode Date last seen Cost, replacement price Price effective from Koha item type
        CRC Fr. Agnel's C.Rodrigues College of Engineering Fr. Agnel's C.Rodrigues College of Engineering 17/03/2023 global books 192.00   005.13 'U' 7004 17/03/2023 192.00 17/03/2023 BOOK
        CRC Fr. Agnel's C.Rodrigues College of Engineering Fr. Agnel's C.Rodrigues College of Engineering 17/03/2023 global books 192.00   005.13 'U' 7005 17/03/2023 192.00 17/03/2023 BOOK